000 00461nmm a2200145Ia 4500
008 251105s9999||||xx |||||||||||||||||und||
041 _aspa
100 _aRipley, Alexandra
245 0 _aScarlett :
_b La inolvidable continuación de lo que El viento se llevó
264 _a[Madrid, España] :
_bEdiciones B,
_c2015
300 _a832 páginas
650 _aNorth American narrative
856 _uhttps://public.digitaliapublishing.com/a/54140
942 _cCF
999 _c105323
_d105323